| 000 | 00364 a2200133 4500 | ||
|---|---|---|---|
| 001 | 91706 | ||
| 082 | _aPR 1715 | ||
| 090 |
_c43868 _d43867 |
||
| 100 | _aAli Izhar Niazi; Prof Abdul Rehman Khan, M., Advisors | ||
| 245 |
_aDevelopment of a Crow Bio-Acoustic System _n64 "B" EC |
||
| 260 |
_aRawalpindi _bNUST _c2008 |
||
| 300 | _a64p | ||
| 500 | _aBE Project Reports | ||
| 942 |
_aCAE NUST _kPR 1715 |
||
| 999 |
_c326779 _d326779 |
||